000 00642nam a2200241Ia 4500
003 OSt
005 20220918190635.0
006 a|||||r|||| 00| 0
007 ta
008 220917b |||||||| |||| 00| 0 eng d
024 _a58,348
037 _cTextual
040 _aARTS
_cARTS
_beng
041 _2eng
_aeng
082 _aP5044,3, K3-;1
100 _aSteiuger A
_973368
245 0 _aOrigin and spread of oriental words in European languages
260 _aN York
_bS F Vanni
_c1963
300 _a73p.
_ccm.
650 _aLINGUISTICS
942 _hP5044,3, K3-;1
_cTEXL
_2CC
999 _c186187
_d186187